Statistics for Do I know where I am?

Click here to take the quiz!

General Stats

  • This quiz has been taken 1,330 times
  • The average score is 24 of 50

Answer Stats

HintHint #2Answer% Correct
BrestQuimperFrance
73%
CórdobaRosarioArgentina
72%
StavangerKristiansandNorway
72%
BariMateraItaly
71%
MandalayNaypyidawMyanmar
71%
ArequipaCuzcoPeru
70%
LinzSankt PöltenAustria
65%
DuluthMadisonUnited States
65%
UfaPerm'Russia
63%
AdenMokhaYemen
60%
PaphosLimassolCyprus
59%
KlaipedaKaunasLithuania
59%
SligoDonegalIreland
57%
Montego BaySpanish TownJamaica
55%
KošicePrešovSlovakia
54%
LuganoLocarnoSwitzerland
54%
VarnaBurgasBulgaria
53%
LeidenDelftNetherlands
53%
OradeaCluj-NapocaRomania
53%
AgulhasPort ElizabethSouth Africa
53%
FaroLagosPortugal
51%
TainanKaohsiungTaiwan
51%
MariborCeljeSlovenia
50%
Banda AcehMedanIndonesia
49%
DunedinInvercargillNew Zealand
49%
Sault Sainte MarieSudburyCanada
48%
KororNgerulmudPalau
48%
LuleåKirunaSweden
48%
SamarkandBukharaUzbekistan
48%
İskenderunAdanaTurkey
47%
SendaiNiigataJapan
44%
IbadanPort HarcourtNigeria
44%
TruroSaint IvesUnited Kingdom
44%
AgadirEssaouiraMorocco
43%
DurrësVlorëAlbania
40%
HeratMazar-i-SharifAfghanistan
38%
CochabambaSanta Cruz de la SierraBolivia
38%
EilatDimonaIsrael
37%
KochiMaduraiIndia
35%
KandyGalleSri Lanka
35%
LikasiLubumbashiDR Congo
34%
HammametSousseTunisia
30%
KumasiCape CoastGhana
29%
CamagüeyPuerto PadreCuba
28%
San Pedro SulaComayaguaHonduras
28%
BatumiPotiGeorgia
27%
Santiago de los CaballerosConcepción de la VegaDominican Republic
24%
ToamasinaAntsirananaMadagascar
23%
TangaArushaTanzania
20%
MoptiGaoMali
19%

Score Distribution

Percentile by Number Answered

Percent of People with Each Score

Your Score History

You have not taken this quiz